| 000 | 00818nam a2200217Ia 4500 | ||
|---|---|---|---|
| 999 |
_c41168 _d41168 |
||
| 001 | 7818 | ||
| 003 | GE_BSU | ||
| 005 | 20221116111155.0 | ||
| 008 | 181216s2007||||en |||||||||||||| ||eng|| | ||
| 020 | _a9780471745228 x | ||
| 040 | _cGE_BSU | ||
| 041 | _aeng | ||
| 080 | _a005.1+640 S-71 | ||
| 100 |
_aSommerville,Kerry L. _914804 |
||
| 245 |
_aHospitality Employee Management and Supervision : _bConcepts and practical applications / _cKerry L. Sommerville, |
||
| 264 |
_aNew Jersey : _bJohn Wiley, _c2007. |
||
| 300 |
_a344 p.: _bIll. 23 cm. _cmaps. |
||
| 653 | _aHospitality Employee Management and Supervision | ||
| 653 | _aსტუმართმოყვარეობის თანამშრომლების მართვა და ზედამხედველობა | ||
| 942 |
_cBK _2udc |
||